[Event "SRB-chT Central"]
[Site "Kragujevac"]
[Date "2013.09.15"]
[Round "2.1"]
[White "Mista, Aleksander"]
[Black "Atalik, Suat"]
[Result "1/2-1/2"]
[WhiteElo "2582"]
[BlackElo "2566"]
[Annotator "Atalik,S"]
[PlyCount "83"]
[EventDate "2013.09.14"]
[EventType "team-tourn"]
[EventRounds "11"]
[EventCountry "SRB"]
[SourceTitle "CBM 158"]
[Source "ChessBase"]
[SourceDate "2014.01.16"]
[SourceVersion "1"]
[SourceVersionDate "2014.01.16"]
[SourceQuality "1"]
[WhiteTeam "Goracici Jelica"]
[BlackTeam "Kraljevo Sloga Turist"]
[WhiteTeamCountry "SRB"]
[BlackTeamCountry "SRB"]

1. Nf3 d5 2. c4 c6 3. e3 Nf6 4. Nc3 a6 $5 {This little move is not a real
favourite of mine anymore but I just felt I had to go for it in the first game
of the day.} (4... e6 5. d4 (5. b3 Bd6 6. Bb2 O-O 7. Qc2 e5 8. cxd5 cxd5 9. Nb5
Nc6 10. Nxd6 Qxd6 $13) 5... Nbd7 6. Bd3 (6. Qc2 Bd6 7. Bd3 O-O 8. O-O dxc4 9.
Bxc4 b5) 6... dxc4 7. Bxc4 b5 {is the good old Meran.}) 5. Qc2 $5 (5. d4 Bf5 (
5... g6 $5 6. Be2 (6. Bd3 Bg7 7. O-O O-O $13) 6... Bg7 7. O-O O-O $13 {is sort
of a Schlechter Slav.}) 6. Bd3 Bxd3 7. Qxd3 e6 8. O-O Be7 9. e4 O-O 10. b3 dxe4
11. Nxe4 Nxe4 12. Qxe4 Nd7 13. Bf4 Qa5 {There is a certain similarity between
this game and my game with Illescas from 2002.}) 5... g6 6. b3 Bg7 7. d4 Bf5 (
7... O-O $5 8. Bd3 Bg4 (8... c5 $5) 9. Ne5 Be6 10. O-O c5 $5 {is what I had
last year with Mlakhov when I had White pieces.}) 8. Bd3 Bxd3 9. Qxd3 O-O 10.
O-O e6 $1 $146 11. e4 (11. Ba3 Re8 12. Ne5 Nbd7 13. f4 c5 $13) 11... dxe4 12.
Nxe4 Nxe4 13. Qxe4 Nd7 14. Bf4 $5 {A very brave move.} (14. Rd1 Qa5 (14... c5
$2 15. Qxb7) 15. Bf4 Rfe8 {looked normal.}) 14... Qa5 ({The question evolves
around} 14... c5 $5 15. Qxb7 (15. Be5 $5 Nxe5 16. dxe5 $14) 15... cxd4 16. Bd6
Re8 (16... Qc8 $5 17. Qxc8 Rfxc8 18. Rfe1 Rc6 (18... Re8 $5) 19. Be5 $5 $13)
17. c5 $36) 15. Qe1 $5 Qf5 $1 (15... Qxe1 16. Rfxe1 $14) 16. Bd6 Rfe8 17. Ne5
Rad8 18. c5 (18. Bc7 $2 Nxe5 19. Bxd8 Nd3 (19... Nf3+ $6 20. gxf3 Rxd8 21. Qe4
$11) 20. Qa5 Bxd4 21. Rad1 e5 $17) 18... Nf6 ({After the exchange sacrifice} 
18... Nxe5 $5 19. dxe5 Rxd6 20. cxd6 Bxe5 21. Rd1 Rd8 22. d7 Bf6 $14 {the
d7-pawn survives and this gives Black almost no chances to play for a win.})
19. Qb4 $1 {White directs the game on to a very sharp course.} (19. f3 Nd5 $11)
19... Ne4 20. Bc7 (20. Qxb7 Nxd6 21. cxd6 Rxd6 $11) 20... Rc8 (20... Bxe5 $5
21. dxe5 Rd2 22. Qxb7 $1 Nxf2 (22... Rxf2 23. Qxa6 Rxg2+ $5 24. Kxg2 Qg4+ 25.
Kh1 Ng3+ 26. hxg3 Qh3+ $11) 23. Qxc6 Rc8 24. Qb7 Rxc7 25. Qxc7 Nh3+ 26. Kh1 $11
{is a forced draw.}) (20... a5 $5 {escaped my attention.} 21. Bxa5 Rxd4 22.
Qxd4 Bxe5 23. Qd7 Nf6 24. Qxb7 Bxa1 25. Rxa1 Qxc5 26. Bb6 Qc3 27. Rf1 Nd5 $11)
21. Qxb7 Nxc5 22. dxc5 Bxe5 23. Bxe5 Qxe5 24. Rac1 (24. Qxa6 Qxc5 25. Rfc1 Qe5
$1 {keeps the balance.}) 24... a5 25. Rfd1 (25. Qa6 Qc7 26. Rfd1 Ra8 27. Qc4
Red8 $11) 25... Qb2 $1 26. a4 $1 Red8 (26... Rb8 $6 27. Qxc6 Qxb3 28. Qd7 $1 e5
29. h4 $5 (29. c6 Qxa4 30. c7 Qxd7 31. Rxd7 Ra8 32. Rcd1 Rec8 $1 33. Re7 a4 34.
Rdd7 Rf8 35. Rxe5 a3 36. Re1 a2 37. Ra1 $11 {may give one an heart attack.})
29... h5 30. Rb1 Qxb1 31. Qxe8+ Rxe8 32. Rxb1 $16) 27. g3 Kg7 28. Kg2 e5 29.
Rxd8 Rxd8 30. Rf1 {Black has the initiative now alas it is not clear how to
make use of it.} Rd5 (30... Rd2 31. Qxc6 Qxb3 32. Qe4 Qb2 33. c6 Rc2 34. Qd5 h5
35. h4 Qc3 36. Rb1 Qxc6 37. Qxc6 Rxc6 38. Rb5 $11) 31. Qxc6 Qd4 32. Qb6 $1 Rxc5
(32... Qxc5 33. Qxc5 Rxc5 34. Rd1 Kf6 35. Rd6+ Kf5 36. Rd7 Ke6 37. Rb7 $11) 33.
Rd1 Qe4+ 34. Kg1 Qc2 35. Re1 Rd5 36. Qe3 $1 $11 h5 37. h4 Rc5 38. Kg2 Rd5 39.
Rc1 Qd3 40. Qxd3 Rxd3 41. Rc5 e4 42. Rxa5 (42. Rb5 e3 43. fxe3 Rxe3 44. Kf2 Rc3
{and it is just a draw!}) 1/2-1/2

[Event "Cappelle op 19th"]
[Site "Cappelle la Grande"]
[Date "2003.02.28"]
[Round "8"]
[White "Atalik, Suat"]
[Black "Shaw, John"]
[Result "1-0"]
[WhiteElo "2581"]
[BlackElo "2470"]
[Annotator "Atalik,S"]
[PlyCount "77"]
[EventDate "2003.02.22"]
[EventType "swiss"]
[EventRounds "9"]
[EventCountry "FRA"]
[SourceTitle "EXT 2004"]
[Source "ChessBase"]
[SourceDate "2003.11.25"]
[SourceVersion "1"]
[SourceVersionDate "2003.11.25"]
[SourceQuality "1"]

{The Scottish GM-elect Shaw's Slav Defence looked unbreakable to me before the
game.Thus I have decided to go for something new and headed for what Alex does
from time to time in Reti's Opening.} 1. Nf3 d5 2. g3 Nf6 3. Bg2 c6 (3... Bf5
4. c4 e6 5. Qb3 Na6 {Usually people goes for this in this type of set up.}) 4.
O-O Bf5 5. c4 e6 6. cxd5 cxd5 $5 {Surprise.} 7. Qb3 Qc8 {Maybe too passive.} (
7... Qb6 8. Nd4 Bg6 (8... Qxd4 9. Qxb7 Qb6 10. Qxa8) 9. Qxb6 axb6 10. Nb5 Kd7
11. N1c3 Nc6 12. d3 Bc5 13. Bg5 $14) 8. d3 Be7 $2 {Ok but this seems way too
refined.Lasker's principal of developping knights before bishops is very
important in this particular position.} (8... Nc6 9. Bf4 Be7 10. Ne5 (10. Rc1)
10... Nxe5 11. Bxe5 O-O 12. Nd2 $14) 9. Nd4 $1 {Now white takes the adavantage
of black's move order.} Bg6 10. Bf4 Nc6 11. Rc1 Qd7 12. Nxc6 ({I have seen that
} 12. Qa4 $4 {loses a piece due to simple tactics.} e5 $1 13. Nxc6 exf4 14. Bh3
Qxh3 15. Nxe7+ (15. Nb8+ Kf8 (15... Nd7)) 15... Kxe7 $19) 12... bxc6 13. Nd2
Bh5 $6 {Now black heads for some overactive defense.} (13... O-O 14. Nf3 Rfc8
15. Ne5 Qe8 16. Qc2 c5 17. Nxg6 hxg6 18. b3 $16) 14. e4 $2 {I thought that I
have calculated the coming tactics in this moment.} ({Best was} 14. Bf3 O-O 15.
Be3 Rab8 16. Qc2 $16) 14... O-O 15. e5 Rfb8 {Black is not afraid about what is
coming.} (15... Ne8 16. Qa4 Rc8 17. Nb3 $16 {looks terribly passive for black.}
) 16. Qc2 (16. Qxb8+ $2 Rxb8 17. exf6 Bd6 $19) 16... Ne8 17. Qxc6 {I was not
expecting that black would jeopardize his rook's safety by taking the gauntlet.
} Qxc6 (17... Qd8 18. Nb3 a5 19. Qc2 $16 {Black is not only a pawn down but
Bh5 does not contirbute to the game much either.}) 18. Rxc6 Rxb2 $1 {I sort of
did not figure out that black can munch a pawn jeopardizing his rook's future.}
(18... Be2 19. Bf1 Bxf1 20. Kxf1) (18... Bg6 19. Bf1) (18... a5 {This was the
move I was anticipating the most.} 19. Rc2 $1 Bg6 20. Bf1 a4 21. Rac1 $18) 19.
Nb3 Bd8 $6 {Looks tricky,but I would opt for the natural 19...a5.Things are
still not clear with that to me.} (19... a5 20. Bf1 a4 21. Bc1 a3 (21... axb3
22. Bxb2 bxa2 23. Rc2 $18) 22. Bxb2 (22. Kg2 $2 {This looks like an important
precaution before starting important operations.} f6 $1 {but this gives black
a great game.} 23. d4 Bg6 $1) 22... axb2 23. Rb1 Rxa2 24. Nd4 (24. Rc2 $6 Ba3
25. Nd4 Ra1 (25... Bd1 26. Rxd1 Ra1 27. Rxb2 Bxb2 28. Rxa1 Bxa1 $11)) 24... f6
(24... Bd1 25. Rb6 Bc5 26. Rb8 Ba4 27. Ne2 Bc2 28. Nc3 Bxb1 29. Nxa2 Bxa2 30.
Rxb2 Bd4 31. Rxa2 $16 Bxe5 $140 $4 32. Ra8 Kf8 33. d4 Bxd4 34. Bb5 $18) 25. Rc2
(25. f4 fxe5 26. fxe5 Bd1 27. Kg2 Ba4 28. Rxe6 Bc5 29. Nb3 Bb4 30. Rb6 Bc3 31.
d4 Bxb3 32. Rxb3 Bxd4 33. e6 Kf8 34. Rb7 Nd6 35. Rd7 Ra1 36. Bd3 Nc4 37. Bxh7
$13) 25... fxe5 26. Nb5 (26. Nc6 Ba3 27. Nxe5 Ra1 28. Rbxb2 Bxb2 29. Rxb2 g5
30. g4 Bg6 $11) 26... Nd6 27. Rcxb2 Rxb2 28. Rxb2 Nxb5 29. Rxb5 Kf7 $14) 20.
Bc1 $1 $16 {Gaining some important tempi!} ({For a while I was pondering about
the crazy looking} 20. Bf1 Bb6 21. Bc1 Rxf2 (21... Bxf2+ 22. Kg2) 22. d4 Rf3
23. Kg2 f6 $1 (23... Rxb3 $2 24. axb3 Bxd4 25. Ra2 Bxe5 26. Rac2 Nd6 27. Ba3
Bg6 28. Rc1 $18)) 20... Re2 21. Be3 Bb6 22. Bf1 {The point!} Rb2 23. Bxb6 (23.
d4 Bg6) 23... axb6 24. Rxb6 Rbxa2 25. Rxa2 Rxa2 26. Rb8 {Now the case is clear
with is king on the back rank and all of his pieces passively posted black has
very few chances.} Kf8 {Black wants to bring his king .} (26... f6 $5 27. Bh3
Bf7 28. Nc5 f5 (28... fxe5 29. Bxe6 Kf8 30. Nd7+ Ke7 31. Bxf7 Kxf7 32. Nxe5+
Ke7 33. Rb7+ Ke6 34. Nf3 Ra3 35. Nd4+ Ke5 36. Nb3 $1 $18) 29. d4 $1 (29. Nxe6
$2 Bxe6 30. Rxe8+ Kf7 31. Rb8 Ra1+ 32. Kg2 d4 $132) (29. g4 $6 f4 30. g5 (30.
Kg2 g5) 30... f3 31. Rb1 Nc7 32. Bg4 Rc2 33. d4 Rd2 34. Bxf3 Rxd4 35. Rb7 Ne8
36. Be2 h6 $11) 29... Rd2 30. Rb4 g5 31. Bf1 g4 32. Bb5 Ng7 33. Bd3 Bg6 34. Kf1
$16) 27. d4 $1 {I wanted to prevent the exchange of bishops.} (27. Nc5 Be2 28.
Bxe2 Rxe2 29. Rb7 Rc2 30. d4 Rc4 31. Nd7+ Ke7 $11) 27... Rb2 (27... Ke7 28. Nc5
) (27... Be2 $4 28. Nc1) 28. Bb5 f6 $138 ({Black can not burn the bridges
behind with} 28... g5 29. Bxe8 $1 (29. Rxe8+ $2 Kg7 30. Ba4 Bd1 31. Rb8 Rb1 32.
f4 (32. Kg2 $2 g4) (32. Nd2 $2 Rxb8 33. Bxd1 Rb2 34. Nf1 Rb4 $13 35. Ne3 $140
Rxd4 36. Kf1 Re4 37. Bc2 $1) 32... Bxb3+ 33. Kf2 Bc2 34. Rxb1 Bxb1 35. fxg5 Kg6
36. Be8 (36. h4 $2 Kf5 37. Kf3 Be4+ 38. Ke3 Kg4 39. Kf2 Bg6 40. Bd1+ Kh3 $1 $11
) 36... Kxg5 (36... Be4 37. h4 Kg7 38. Ke3 Bb1 39. Bb5 Bc2 40. Bd3 Bd1 41. Kd2
Bf3 42. Kc3 Bg4 43. Kb4 Bf3 44. Kc5 Bg2 45. h5 Bf3 46. g6 (46. h6+ Kg8 {
And it seems it is impossible to get the king on e7.} 47. Kd6 Be4 48. Bb5 Kf8)
46... hxg6 47. hxg6 Be4 48. Bxe4 dxe4 49. Kc4 Kxg6 50. Kc3 Kf5 51. Kd2 Kg4 52.
Ke3 Kxg3 53. Kxe4 Kg4 $11) 37. Bxf7 Bf5 38. h4+ Kg4 39. Bg8 h6 40. Bf7 h5 41.
Bg8 Kh3 42. Kf3 $18) 29... Bf3 30. Ba4+ Kg7 31. Rc8 Bd1 32. Rc3 $18) 29. Nc5
Bf3 $4 {Sort of a Hara-Kiri.} (29... fxe5 $2 30. Bxe8 Rxb8 31. Bxh5) ({After} 
29... Bf7 $8 30. Nd3 {White has a huge positional edge but just that.} (30.
Nxe6+ $2 Bxe6 31. Rxe8+ Kf7 32. Rb8 Rd2 $1 $11) 30... Rb1+ 31. Kg2 Ke7 32. Rb7+
Kf8 33. f4 $16) 30. Nxe6+ $18 {Now it is a massacre !} Ke7 (30... Kf7 31. Bxe8+
) 31. Rxe8+ Kf7 32. Nd8+ Kg6 33. Bd3+ f5 34. Rf8 $1 {I only had to find this
simple move.} Rd2 35. Ne6 $1 {By forking threats white defends against a
possible checkmate.} Rd1+ (35... Rxd3 36. Nf4+) 36. Bf1 Kh6 (36... Be2 37. Nf4+
) 37. Nf4 g5 {And now the Mighty Knight moves ahead to give checkmate.} 38.
Rf6+ Kg7 39. Ne6+ (39. Ne6+ Kg8 40. Rf8#) 1-0

[Event "Star Palmyra op 2nd"]
[Site "Odessa"]
[Date "2004.08.06"]
[Round "3"]
[White "Atalik, Suat"]
[Black "Kovalev, Denis"]
[Result "1/2-1/2"]
[WhiteElo "2554"]
[BlackElo "2382"]
[Annotator "Atalik,S"]
[PlyCount "127"]
[EventDate "2004.08.04"]
[EventType "swiss"]
[EventRounds "9"]
[EventCountry "UKR"]
[SourceTitle "CBM 102"]
[Source "ChessBase"]
[SourceDate "2004.09.23"]
[SourceVersion "1"]
[SourceVersionDate "2004.09.23"]
[SourceQuality "1"]

{I wanted to be smart with the move order against Denis that is why I have
chosen the English Opening.} 1. c4 c6 2. Nf3 Nf6 3. Nc3 d5 4. e3 Bf5 $6 {
This looks risky.} (4... a6 5. d4) (4... e6 5. d4 Nbd7 {are the common choices.
}) (4... Bg4 5. cxd5 Bxf3 6. Qxf3 cxd5 7. Bb5+ Nc6 8. Bxc6+ bxc6 9. O-O e6 10.
b3 Be7 11. Bb2 O-O 12. Na4 $14) 5. cxd5 cxd5 (5... Nxd5 6. Bc4 e6 (6... Nb4 7.
O-O) 7. O-O $14) 6. Qb3 Bc8 7. Bb5+ (7. d4 Nc6 8. Ne5 e6 9. f4 Bd6 10. Bd3 O-O
11. O-O $14 {was another way to proceed.}) 7... Nc6 8. Ne5 {I did not like the
idea of picking up a pawn.} (8. Nd4 $6 Bd7 9. Nxd5 Nxd5 10. Qxd5 e6 11. Qb3
Nxd4 12. exd4 Bxb5 13. Qxb5+ Qd7 14. Qxd7+ Kxd7 15. d3 $11) 8... Bd7 9. Nxd7
Qxd7 10. O-O (10. d3 $6 e6 11. e4 dxe4 12. dxe4 a6 13. Bxc6 Qxc6 $11) 10... e6
11. d4 Be7 {I can not understand this move.} (11... Bd6 $142 {makes e7
available for black's queen.} 12. Bd2 O-O 13. Rfc1 $14) 12. Bd2 O-O 13. Rfc1
Rfc8 14. Na4 Qd8 (14... Ne4 15. Be1) (14... Bd6 15. Rc2) 15. Bxc6 bxc6 16. Bb4
Rab8 $2 {An unexpected blunder.} (16... Bxb4 17. Qxb4 Rab8 18. Qa3 Qa5 19. Rc5
Qa6 20. Rac1 e5 (20... Nd7 21. R5c2 Nb6 22. b3 Nxa4 23. Qxa4 Qxa4 24. bxa4 {
and this ending is very pleasant.} Kf8 (24... Rb6 25. a5 Ra6 26. Rc5 Kf8 27.
Rb1 $16) 25. Kf1 Rb4 26. a5 Ke7 27. Rxc6 Rxc6 28. Rxc6 Ra4 29. Rc7+ Kf6 30.
Rxa7 Rxa2 31. g4 $16) 21. dxe5 Nd7 22. R5c2 Nxe5 23. Qd6 Nc4 24. Qf4 Qxa4 25.
b3 Qa3 26. bxc4 $14) 17. Bxe7 Qxe7 18. Rxc6 $1 $18 {Now I thought I will bring
home another point sweatless.} Rxb3 $6 {And after this seems like I will have
an even easier ride.} (18... Qd8 19. Rxc8 Rxc8 20. Nc5 Ne4 21. Rc1 $18) 19.
Rxc8+ Ne8 20. axb3 h5 21. Nc5 Kh7 22. Ra8 Nd6 23. R8xa7 Qf6 {The first move
which started to confuse me.I thought he would try to generate an attack
against my king which loses right away.} (23... Qg5 $2 24. Rd7 Nf5 25. Rxf7 Qg6
26. Rf8 $18) 24. h3 ({I could win by the direct} 24. Rd7 e5 25. Ra6 Qf5 26. h3
Qb1+ 27. Kh2 Nf5 (27... Ne4 28. Nxe4 dxe4 29. Rxf7 exd4 30. exd4 Qxb2 31. Rd6
Qxb3 32. Rdd7 Qb8+ 33. Rc7 $18) 28. Rxf7 exd4 29. Ne6 Kg6 30. Rf8 $18) 24...
Nf5 25. Nd7 $5 {Almost anything wins.} (25. b4 Nh4 26. b5 Qg5 27. g3 Nf3+ 28.
Kg2 Qf5 29. h4 Qg4 30. b6 Nxh4+ 31. Kf1 Qh3+ 32. Ke2 Qg4+ 33. Kd3 Qf5+ 34. Kc3
Qxf2 35. gxh4 Qxe3+ 36. Nd3 e5 37. dxe5 Qxb6 38. Rxf7 Qc6+ 39. Kd2 Qh6+ 40. Rf4
$18) (25. Nd3 Qg5 (25... Nh4 26. Ne1 e5 27. dxe5 Qxe5 28. R1a4 Nf5 29. Rxf7 Kg6
30. Rfa7 $18) 26. Rxf7 $18) 25... Qd8 26. Ne5 (26. b4 Nd6) 26... f6 27. Nd3 ({
The paradoxal} 27. Nd7 $142 $18 {may even be better.}) 27... h4 28. b4 Qe8 29.
Nf4 e5 30. Nxd5 Qd8 31. Nc7 {Here around I have started to lose my orientation.
} ({Apart from the text I had two better lines.} 31. e4 exd4 (31... Nxd4 $2 32.
Ra8 Qd6 33. R1a6 Qd7 34. Rxf6) 32. Rd1 $18) (31. R7a5 exd4 32. Rd1 $18) 31...
exd4 32. Ne6 $4 {Why did I pick this up? Actually I think I have became really
braindead in this moment of the game.} (32. e4 Ne7 33. Ne6 Qd6 34. Nc5 $18 {
was easy.}) 32... Qd6 33. Nxd4 Nxd4 34. exd4 Qxd4 $14 {This looks extremely
difficult to convert into a win.} 35. b5 (35. Rb7 Qxb2 36. Rd1 Kh6 37. b5 Qc2
38. Re1 Qd2 {and his queen will annoy my rooks.}) 35... Qxb2 36. R1a4 Qxb5 37.
Rxh4+ Kg8 {This was the position I was aiming for.} 38. g3 ({My original
intention was} 38. Ra3 $5 Qb1+ 39. Kh2 Qb2 40. Ra8+ Kf7 41. f4 Qf2 42. Rg4 f5
43. Rg3 Qxf4 44. Ra7+ Kf6 45. Raxg7 $14 {But I think white does not have
enough chances in this one since his king is very exposed.}) 38... Qc6 $5 39.
Rg4 Qc1+ 40. Kh2 {There ain't no difference between squares to step on for my
majesty.} (40. Kg2 Qc6+ 41. Kh2 Qc2 42. Rgxg7+ $140 Kh8 43. Rh7+ Kg8 44. Rag7+
Kf8 45. Rf7+ Kg8 46. Rhg7+ Kh8 47. Kg2 Qe4+ 48. Kf1 Qd3+ 49. Ke1 Qe4+ 50. Kd2
Qd4+ $11) 40... Qd2 {Only after he has played his move I have understood that
g7 pawn is taboo.} 41. Rf4 (41. Raxg7+ Kh8 42. Rg8+ Kh7 43. R4g7+ Kh6 $11) (41.
Rgxg7+ Kh8 42. Rh7+ Kg8 43. Rag7+ Kf8 $11) 41... Qc2 42. h4 Qd1 43. Ra5 Kh7 44.
Raf5 {The only way to win for white to achieve g4-g5 and to recapture it by
rook. He cleverly has never allowed that.} (44. Ra2 Kg6 45. Rfa4 Qe1 $11) 44...
Qe2 45. g4 Qd2 46. Kg2 Qc1 47. Rf3 Qc4 48. Rg3 Qe4+ 49. Rff3 Kg6 50. Kh2 (50.
g5 f5) 50... Qc4 51. Rf5 Qd4 52. h5+ Kh6 53. Kh3 Qe4 $11 54. f3 {This move
does not change much.} (54. Rg1 Qe7) 54... Qb1 55. Kh2 (55. g5+ $4 Kxh5 $19 {
would even result into a loss.}) 55... Qe1 $1 {Now besides many things my king
goes to the first rank by force.} 56. Rg1 (56. g5+ fxg5 57. Rfxg5 (57. Rgxg5
Qh4+ $11) 57... Qd2+ 58. Kh3 Qxg5 $11) 56... Qf2+ 57. Kh1 Qe2 58. Rc1 Qf2 59.
Rcc5 {After this he achieves perpetual but anyway I have missed the train due
to earier mistakes.} (59. Rd1 Qe2 60. Rdd5 Qf1+ 61. Kh2 Qf2+ 62. Kh3 Qg1 $11)
59... Qf1+ 60. Kh2 Qf2+ 61. Kh3 Qf1+ 62. Kg3 Qg1+ 63. Kf4 Qd4+ 64. Kg3 {
A very embarrassing game!} 1/2-1/2

[Event "Ciocaltea Memorial"]
[Site "Bucharest"]
[Date "2003.03.06"]
[Round "3"]
[White "Furtuna, Alexei"]
[Black "Murariu, Andrei"]
[Result "0-1"]
[WhiteElo "2415"]
[BlackElo "2361"]
[Annotator "Atlas,V"]
[PlyCount "68"]
[EventDate "2003.03.04"]
[EventType "tourn"]
[EventRounds "13"]
[EventCountry "ROU"]
[EventCategory "9"]
[SourceTitle "CBM 094"]
[Source "ChessBase"]
[SourceDate "2003.05.26"]
[SourceVersion "1"]
[SourceVersionDate "2003.05.26"]
[SourceQuality "1"]

1. Nf3 Nf6 2. c4 c6 3. e3 d5 4. Qc2 g6 5. b3 Bg7 6. Bb2 O-O 7. d3 dxc4 8. Qxc4
b6 9. Nbd2 c5 10. Be2 Bb7 11. O-O Nbd7 12. Rfd1 Re8 13. Qc2 e5 14. Rac1 Qe7 15.
e4 Nh5 16. g3 Bh6 17. Qb1 Ng7 18. b4 f6 19. bxc5 bxc5 20. Ba3 Bc6 21. Rc3 Ne6
22. Nb3 f5 $1 23. Bf1 Rac8 24. Bh3 Qf6 25. Na5 Ba8 26. Rb3 Nb6 27. Bb2 Nd4 28.
Nxd4 exd4 {[%csl Re4,Rf2][%cal Ga8h1,Gf5e4,Ge8e2]} 29. exf5 $6 ({More stubborn
was} 29. Bg2) 29... Qe5 $1 {[%csl Rh1][%cal Ge5d5,Ga8h1] Threatening 30...Qd5.}
30. Bg2 Bxg2 31. Kxg2 Qd5+ 32. Kg1 Re2 33. Bc1 $2 ({The final mistake.
Essential was} 33. Re1) 33... Qf3 $1 34. Rf1 {[%tqu "En","Whtie's king appears
to be safe, but it is just an illusion. How would you conclude Black's
attack?","Exploit a weakenss of White's second rank.","Use your bishop for a
decisive blow.","h6e3","Of course! Now mate is inevitable.",4]} Be3 $1 {
[%csl Rf2,Rg1][%cal Ge3g1,Gf3g2,Ge2g2]} (34... Be3 $1 {White resigned, as
after this impressive bishop thrust mate is inevitable:} 35. Bxe3 (35. fxe3
Qg2#) 35... dxe3 {, and White's king is doomed.}) 0-1

[Event "EU-ch 4th"]
[Site "Istanbul"]
[Date "2003.05.30"]
[Round "1"]
[White "Zueger, Beat"]
[Black "Gagunashvili, Merab"]
[Result "0-1"]
[WhiteElo "2448"]
[BlackElo "2580"]
[Annotator "Atlas,V"]
[PlyCount "132"]
[EventDate "2003.05.30"]
[EventType "swiss"]
[EventRounds "13"]
[EventCountry "TUR"]
[SourceTitle "CBM 096"]
[Source "ChessBase"]
[SourceDate "2003.09.25"]
[SourceVersion "1"]
[SourceVersionDate "2003.09.25"]
[SourceQuality "1"]

1. g3 d5 2. Nf3 c6 3. Bg2 Nf6 4. c4 dxc4 5. O-O Nbd7 6. Na3 Nb6 7. Qc2 Qd5 8.
Ne1 Qd4 9. e3 Qg4 10. e4 e5 11. Nxc4 Nxc4 12. Qxc4 Bd6 13. b3 h5 14. h4 Be6 15.
Qc2 Nd7 16. Nf3 f6 17. d4 O-O 18. Bb2 Bf7 19. Rad1 Qe6 20. Qd2 Bc7 21. dxe5
Nxe5 22. Bxe5 Bxe5 23. Nxe5 Qxe5 24. Qb4 $6 (24. f4 {trying to open the
position in the center and activate the white bishop, deserved here serious
attention.}) 24... Qc7 25. Rd2 a5 26. Qc5 Rfd8 27. Rfd1 Rxd2 28. Rxd2 a4 29.
Qa3 (29. b4 {is strongly met by} a3) 29... b5 30. Kh2 Qb6 31. b4 Rd8 32. Qe3
Qc7 33. a3 Rxd2 34. Qxd2 c5 $1 {Black has a large advantage in the ending, yet,
he needs to overcome some technical difficulties.} 35. bxc5 Qxc5 36. Qd8+ Qf8
37. Qd3 b4 $1 {Opening the way to the a-pawn.} 38. axb4 Qxb4 39. e5 fxe5 40.
Bd5 Qd4 41. Bxf7+ Kxf7 42. Qf5+ Ke7 43. Qg5+ Ke6 44. Qg6+ Kd5 45. Qf7+ Kc5 46.
Qa2 e4 47. Qa3+ Kb5 48. Kg2 Qd2 49. Qe7 e3 $1 {The strongest continuation.} 50.
Qb7+ Kc5 51. Qa7+ Kb4 52. Qb6+ Kc3 53. Qc6+ Kb3 54. Qb5+ Ka3 55. Qc5+ Kb2 56.
Qb5+ Kc1 57. Qf1+ Qd1 58. Qc4+ Qc2 59. Qf1+ Kd2 60. fxe3 Kxe3+ 61. Kh3 g6 62.
Qf4+ Ke2 63. Qe5+ Kf1 64. Qf4+ Kg1 65. Qd4+ Qf2 66. Qe3 (66. Qd1+ {fails to}
Qf1+) {[%tqu "En","How can Black refute White's stalemate speculations?",
"Exploit a weak position of the white king.","Use your passed pawn!","a4a3",
"This is the only way to conclude the game victoriously.",4]} 66... a3 $1 {
[%csl Ga3,Re3,Gf2,Gg1,Rh3][%cal Gf2h2]} ({The pawn advance decides the game
for Black. White resigned in this hopeless position:} 66... a3 67. Qxa3 (67.
Qxf2+ Kxf2) (67. Qc1+ Qf1+ {, and Black's pawn is unstoppable.}) 67... Qh2#)
0-1